Statistics for Top 50 Disposals in the AFL 2021

Click here to take the quiz!

General Stats

  • This quiz has been taken 139 times
  • The average score is 29 of 50

Answer Stats

Answer% Correct
Clayton Oliver3
94%
Christian Petracca11
92%
Tom Mitchell2
90%
Marcus Bontempelli23
88%
Jack Macrae1
87%
Ollie Wines5
84%
Darcy Parish9
81%
Patrick Cripps43
80%
Sam Walsh8
80%
Travis Boak36
78%
Josh Kelly47
76%
Touk Miller29
76%
Tim Kelly17
75%
Jack Steele21
74%
Andrew Brayshaw37
72%
Rory Laird6
72%
Zach Merrett7
72%
Scott Pendlebury45
70%
Joel Selwood38
67%
Luke Parker18
66%
Jarryd Lyons13
58%
Josh Kennedy41
58%
Nat Fyfe48
58%
Tim Taranto10
57%
Ben Keays14
56%
Callum Mills24
55%
Cameron Guthrie4
55%
Dayne Zorko50
55%
Andrew Gaff12
53%
Jack Crisp20
52%
Jy Simpkin35
52%
David Mundy32
51%
Jake Lloyd16
49%
Adam Treloar39
48%
Hugh McCluggage28
48%
Tom Stewart40
48%
Tom Liberatore34
46%
Jack Ziebell15
43%
Dom Sheed33
42%
Jacob Hopper19
42%
Christian Salem44
40%
Daniel Rich22
40%
Paul Seedsman27
37%
Ed Curnow25
34%
Callan Ward49
30%
Sam Docherty31
27%
Brandon Ellis42
26%
Jack Redden30
25%
Andrew McGrath26
24%
Ed Langdon46
24%

Score Distribution

Percentile by Number Answered

Percent of People with Each Score

Your Score History

You have not taken this quiz